Biblioteca

De Jesús al cristianismo : El Nuevo Testamento y la fe cristiana : Un proceso de cuatro generaciones / L. Michael White ; José Pérez Escobar, Traductor (Registro nro. 43171)

Detalles MARC
000 -LÍDER
Campo fijo de descripción fija 013400000a22002170004500
001 - NÚMERO DE CONTROL
Campo de control 14279
003 - IDENTIFICADOR DEL NÚMERO DE CONTROL
Campo de control CO-MdBIC
020 ## - NÚMERO INTERNACIONAL NORMALIZADO PARA LIBROS
Número Internacional Normalizado del libro 978-84-8169-412-3
040 ## - FUENTE DE CATALOGACIÓN
Idioma de catalogación spa.
082 04 - NÚMERO DE CLASIFICACIÓN DECIMAL DEWEY
Número de clasificación G 270.1 W5821j
100 1# - ASIENTO PRINCIPAL--NOMBRE PERSONAL
Nombre personal White, L. Michael
245 10 - TÍTULO
Título del Material De Jesús al cristianismo : El Nuevo Testamento y la fe cristiana : Un proceso de cuatro generaciones / L. Michael White ; José Pérez Escobar, Traductor
260 ## - PUBLICACIÓN, DISTRIBUCIÓN, ETC. (PIE DE IMPRENTA)
Lugar de publicación, distribución, etc. Estella, Narrava : Verbo Divino
300 ## - DESCRIPCIÓN FÍSICA
Extensión 598 Pág.
336 ## - CONTENT TYPE
Content type term texto
Content type code txt
Source rdacontent
337 ## - MEDIA TYPE
Source rdamedia
Media type term sin mediación
Media type code n
338 ## - CARRIER TYPE
Source rdacarrier
Carrier type term volumen
Carrier type code nc
500 ## - NOTA GENERAL
Nota General Título original : From Jesus to Christianity. How four generations of visionaries storytellers created the New Testament and christian faith.
505 ## - NOTA DE CONTENIDO
Nota de contenido con formato preestablecido - El mundo del NT: La Pax romana; Los judíos bajo el Imperio Romano; Religión y sociedad en el mundo romano; El judaísmo en Palestina y en la diáspora. - La primera generación; El Jesús histórico; Antes de que fueran cristianos: el comienzo del movimiento de Jesús; Pablo: su vida e importancia. - La segunda generación: La primera revuelta judía y sus consecuencias; Las trayectorias del evangelio - La tercera generación: de la secta a la Iglesia: Cristología y conflictos - La cuarta generación: llegada a la mayoría de edad en el mundo romano
942 ## - TIPO DE MATERIAL (KOHA)
Tipo de Item KOHA Libros General
Existencias
Estado de Material Estado de Perdido Estado de Dañado No para Préstamo Colección Tomo Biblioteca de Origen Biblioteca Permanente Fecha de Adquisición Total de Préstamos Total de Renovaciones Signatura Topográfica Código de Barras Última vez visto Última vez Préstado Ejemplar/Existencia Fecha de Remplazo Tipo de Material
        Colección General   Biblioteca FUSBC Biblioteca FUSBC 30/04/2007 3 1 G 270.1 W5821j 15737 10/06/2021 03/06/2021 1 26/01/2016 Libros General

Biblioteca FUSBC | Teléfono: (57+4) 349 88 10 Ext. 141| WhatsApp (+57) 3005338115 
E-mail: biblioteca@unisbc.edu.co | Calle 76 87-14 Robledo Palenque, Medellín, Colombia

Con tecnología Koha